Un proceso de planeación estratégica en un centro educativo /

Guardat en:
Dades bibliogràfiques
Autor principal: Núñez Gutiérrez, Roberto (autor)
Format: Llibre
Idioma:espanyol
Publicat: Bilbao, España : edición de autor, 2005
Etiquetes: Afegir etiqueta
Sense etiquetes, Sigues el primer a etiquetar aquest registre!

MARC

LEADER 00000nam^a2200000^a^4500
001 000629980
005 20260407000000.0
009 20260408133319.109
037 |a Acervo ITESO - Biblioteca 
041 |a ESP 
091 |a FOB. 04390 
100 |a Núñez Gutiérrez, Roberto  |e (autor) 
245 1 3 |a Un proceso de planeación estratégica en un centro educativo / 
264 1 |a Bilbao, España :  |b edición de autor,  |c 2005 
300 |a 287 p. 
336 |a texto  |b txt  |2 rdacontenido 
337 |a sin mediación  |b n  |2 rdamedio 
338 |a volumen  |b nc  |2 rdasoporte 
649 |a XX 
910 |a Fondo Carlos de Obeso Orendain 
920 |a Impresos - Tesis Externas 
930 |a Fondos Especiales 
905 |a 147 
901 |a 629980-10  |b IT2  |c ESP  |i D  |u 20260407 
902 |a https://opac.biblio.iteso.mx/vufind/Record/000629980